Redacción

Sparad:
Bibliografiska uppgifter
Huvudupphovsman: Castillo, Lidia Emir
Materialtyp: Bok
Språk:Undetermined
Publicerad: Panamá, Panamá Multi Impresos 2001
Ämnen:
Taggar: Lägg till en tagg
Inga taggar, Lägg till första taggen!

MARC

LEADER 00000nam a2200000Ia 4500
008 170316s9999 xx 000 0 und d
090 |a 415-E C-2.1r 
100 |a Castillo, Lidia Emir 
245 |a Redacción 
260 |a Panamá, Panamá 
260 |b Multi Impresos 
260 |c 2001 
300 |a 100 páginas 
650 |a GRAMÁTICA ESPAÑOLA 
650 |a REDACCIÓN DE ESCRITOS TÉCNICOS 
650 |a ESPAÑOL - GRAMÁTICA 
650 |a TEXTO GRAMÁTICAL 
650 |a NARRACIÓN 
650 |a DISCURSO 
999 |c 18933  |d 18933 
040 |a cru BVZT 
942 |c 15 D  |h 415-E C-2.1r  |2 z